|
|
|
|
| LEADER |
00000nam a2200000 a 4500 |
| 001 |
vtls001397045 |
| 003 |
SK-MaSNL |
| 005 |
20260301011921.0 |
| 008 |
240226s2000 xo ag r y slo |
| 015 |
|
|
|a SNBI2000/04-01867
|
| 020 |
|
|
|a 8088954096
|
| 035 |
|
|
|a SNK000351440
|
| 035 |
|
|
|a urn:nbn:sk:snk-amklrw
|
| 035 |
|
|
|a urn:nbn:sk:snk-am003b3e
|
| 035 |
|
|
|a E17B705D-231B-4C14-A589-36DDB5311B40
|
| 040 |
|
|
|a SNK
|b slo
|c SNK
|e AACR2
|
| 041 |
0 |
|
|a slo
|
| 044 |
|
|
|a xo
|c SK
|
| 080 |
|
|
|a 631.52(437.6)(083.133)"2000"
|2 1981
|
| 245 |
0 |
0 |
|a Listina registrovaných odrôd poľných plodín, zelenín, koreninových a technických plodín, liečivých rastlín, ovocia a viniča hroznorodého
|b platná od roku 2000
|
| 260 |
|
|
|a Bratislava
|b AT publishing
|c 2000
|
| 300 |
|
|
|a 216 s.
|b tab.
|c 29 cm
|
| 650 |
0 |
7 |
|a plodiny poľnohospodárske
|x odrody povolené
|y 2000
|x pokyny
|2 SNK
|9 296088
|
| 655 |
|
7 |
|a vyhlášky
|2 SNK
|9 70671
|
| 919 |
|
|
|a 80-88954-09-6
|
| 958 |
|
|
|a OND
|
| 958 |
|
|
|a TL
|
| 999 |
|
|
|c 552191
|d 554121
|
| 952 |
|
|
|t P60, <04>, [BOOK], {604}
|a SNK
|b SNK
|y VYP
|7 0
|p 17A0253050
|o snkSC 94182/2000 D1
|i snkKSP 10192/2000
|0 0
|1 0
|4 0
|d 2000-10-02
|l 0
|r 2005-01-02 00:00:00
|w 2026-02-23
|
| 952 |
|
|
|t P60, <03>, [BOOK], {603}
|a SNK
|b SNK
|y PREZ
|7 0
|p 17A0253049
|o snkSC 94182/2000
|i snkKSP 10191/2000
|0 0
|1 0
|4 0
|d 2000-10-02
|f 1
|l 0
|r 2025-09-11 00:00:00
|w 2026-02-23
|